000 01598nam a22002417a 4500
999 _c21721
_d21721
003 AR-CdUCM
008 190425b ||||| |||| 00| 0 spa d
040 _aMUNICIPALIDAD PROVINCIAL DEL CUSCO
_cBIBLIOTECA MUNICIPAL DEL CUSCO
082 _aRev.Univ/N°67/1934
_bRev.Univ/N°67/1934
_2diciembre 1934
110 _aUniversidad Nacional de San Antonio Abad del Cusco
_915942
245 _aRevista Universitaria :
_bÓrgano de la Universidad del Cuzco fundada en 1692 /
260 _aCusco :
_bH. G. Rozas,
_cdiciembre 1934.
300 _a267 páginas. :
_c20 cm.
440 _aRevista Universitaria
_nAño XXIII, 2° semestre 1934, N°67
_945859
505 _aContenido: El poderoso Camante transcripción de unas crónicas de Luis María Robledo. -- Choqque Kkirau. E.C. -- Obras de ingeniería en el Cuzco. Emiliano López Saa. -- Aspecto literario de la ideografía quechua. Rebeca Fernández B. de Merel. -- Cuestiones indígenas. Sistema de arrendamiento de terrenos de cultivo en el departamento de Cuzco y el problema de la distribución. Francisco Ponde de León. -- El problema de Yanaconazgo en el república peruana. Federico Uranga. -- Análisis e un depósito encontrado en Ollantaytambo. Leónidas Hurtado Povea. -- La relatividad del crecimiento orgánico. Victor Pilares Polo. -- La primitica y moderna teoría de los Quanta. ..
650 _aChoquequirao
_945874
650 _aLiteratura quechua
_97789
650 _aYanacocaje
_945875
650 _aOllantaytambo
_93165
710 _aUniversidad Nacional de San Antonio Abad del Cusco
_915942
942 _2ddc
_cPP
945 _arac